Pays frontaliers de l'Afrique du Sud - Statistiques

Statistiques générales
  • Ce quiz a été pris 40 408 fois
  • Le résultat moyen est 5 sur 6
Statistiques - réponses
Longueur Pays % Correct
909 km Lesotho
96%
967 km Namibie
91%
430 km Eswatini
89%
491 km Mozambique
87%
225 km Zimbabwe
87%
1,840 km Botswana
85%
Aucun quiz correspondant
Distribution des résultats
% des personnes avec chaque résultat
Percentile par nombre de réponses
Votre historique - résultats
Vous n’avez pas pris ce quiz